00615nam a2200157 a 450000100100000000500170001000800410002702000180006804000250008608200160011110000210012724500900014826000390023830000200027750001600029700004836920201002061113.0190213s2016 dr r 000 0 spa d a9789945588972 aDO-SdBNPbspacBNPHU axxxxbA324d1 aAlayón, Judith10aDesde algún fondo oscuro del silencio y de la noche :bpoesía /cJudith Alayón. aSanto Domingo :bFerilibro,c2016. a65 p. ;c21 cm. aObra selecionada dentro de la convocatoria abierta para publicaciones con motivo de la XII Feria Regional del Libro Hato Mayor 2016. República Dominicana